00317nam a2200133Ia 45000030006000000080041000060400015000471000019000622450045000812600022001263000006001485460012001540050017001660STCL150530s9999 xx 000 0 und d aSTCLcSTCL aViswanath Iyar aVyaparik Aur Prasasanik Pathra Vyavahaar bSwathi ; T V Mc0 a0 aEnglish20220125171319.0